Pink-Colored Marvel Heroes by Picture - Statistics

General Stats
  • This quiz has been taken 22 times
  • The average score is 8 of 13
Answer Stats
Picture Answer % Correct
Scarlet Witch
100%
Spider-Gwen
100%
Gwenpool
81%
Ironheart
81%
Jubilee
76%
Stinger
62%
Viv Vision
62%
Honey Lemon
48%
Songbird
48%
Dinah Soar
43%
Blink
38%
Boom-Boom
38%
Bombshell
24%
No matching quizzes found
Score Distribution
Percent of People with Each Score
Percentile by Number Answered
Your Score History
You have not taken this quiz